000 01385nam0a2200385 4500
001 RU\NLR\BIBL_A\021996544
005 20231002092241.0
010 _a978-5-00167-279-1
_93000
021 _aRU
_bКН-П-23-041290
_9КН-П-23-4128
035 _a(NLR Aleph) 021996544
035 _a(RuMoRGB)011882352
090 _a12442498
_c12442498
100 _a20230803d2023 c y0rusy50 ca
101 1 _arus
_cfin
102 _aRU
105 _aa z 000ay
181 0 _ai3
_baxxe
182 0 _an
200 1 _aРадио Попова
_e[для младшего и среднего школьного возраста]
_fАнья Портин
_gперевод с финского Евгении Тиновицкой
_gил. Миилы Вестин
203 _aТекст
_bвизуальный
_cнепосредственный
210 _aМосква
_cСамокат
_d2023
215 _a285, [1] с.
_cил.
_d21
225 1 _aЛучшая новая книжка
333 _a6+
686 0 _aШ9(4Фн)60-4
686 0 _aШ9(4Фн)62-4
700 1 _aПортин
_bА.
_f1971-
_gАнья
_3RU\NLR\AUTH\770260221
702 1 _aВестин
_bМ.
_gМиила
_4040
942 _cBOOK
980 _aNB